Années d'élections présidentielles USA - Mort subite - Statistiques

Statistiques générales
  • Ce quiz a été pris 63 fois
  • Le résultat moyen est 7 sur 14
Answers on the Grid
Answers color-coded by a green-red scale on the quiz's grid according to % correct below.
2024
2020
2016
2012
2008
2004
2000
1972
1968
1964
1789
1876
1880
1900
2022
2018
2014
2010
2006
2002
1998
1906
1894
1930
1990
1918
1914
1790
 
Statistiques - réponses
Réponse % Correct
2004
82%
2016
82%
2000
79%
2012
79%
2024
74%
2020
67%
2008
64%
1972
31%
1968
28%
1964
26%
1789
18%
1900
18%
1880
15%
1876
13%
Aucun quiz correspondant
Distribution des résultats
% des personnes avec chaque résultat
Percentile par nombre de réponses
Votre historique - résultats
Vous n’avez pas pris ce quiz